| 000 | 01934nam0a2200361 4500 | ||
|---|---|---|---|
| 001 | RU\NLR\bibl\847006 | ||
| 005 | 20260407041247.0 | ||
| 010 |
_a5-7218-0687-7 _91000 |
||
| 021 |
_aRU _b2005-20849 _91067 |
||
| 035 | _a(NLR Aleph) 000835780 | ||
| 090 |
_a1389274 _c1389274 |
||
| 100 | _a20050930d2005 |||y0rusy50 ca | ||
| 101 | 0 | _arus | |
| 102 | _aRU | ||
| 105 | _ay ||||||||| | ||
| 200 | 1 |
_aВлияние конкуренции и антимонопольного регулирования на процессы экономической модернизации в России _f[С.Б. Авдашева, И.В. Гречишкина, И.В. Князева и др. _gпод ред. С.Б. Авдашевой, В.Л. Тамбовцева] _gБюро экон. анализа |
|
| 210 |
_aМосква _cТЕИС _d2005 |
||
| 215 |
_a334 с. _d23 |
||
| 300 | _aНа 7-й с. авт.: Авдашева С.Б., Князева И.В. - доктора экон. наук, профессора, Гречишкина И.В. - к.э.н. | ||
| 300 | _aАвт. указаны на обороте тит.л. | ||
| 320 | _aБиблиогр.: с. 323-334 | ||
| 606 | 1 |
_aКонкуренция _yРоссийская Федерация _92083167 _3RU\NLR\auth\661259216 |
|
| 606 | 1 |
_aМодернизация _yРоссийская Федерация _92400541 _3RU\NLR\auth\661430961 |
|
| 686 | _aУ9(2)-13(2Р) | ||
| 701 | 1 |
_4070 _8rus _7ca _aАвдашева _bС. Б. _gСветлана Борисовна _3RU\NLR\auth\7772327 _955255 |
|
| 701 | 1 |
_aГречишкина _bИ. В. _gИрина Васильевна _4070 |
|
| 701 | 1 |
_aКнязева _bИ. В. _gИрина Владимировна _4070 |
|
| 712 | 0 | 2 |
_4570 _aБюро экономического анализа _cМосква _3RU\NLR\AUTH\8810013334 _9524549 |
| 801 | 0 |
_aRU _bNLR _c20050930 _grcr |
|
| 801 | 1 |
_aRU _bNLR _c20050930 |
|
| 942 | _cBOOK | ||
| 980 | _aNB | ||